Research report : forecasting office supply and demand (Record no. 100532)
[ view plain ]
| 000 -LEADER | |
|---|---|
| fixed length control field | 01033cam a2200277 4500 |
| 008 - FIXED-LENGTH DATA ELEMENTS--GENERAL INFORMATION | |
| fixed length control field | 000000n2000 000 0 eng u |
| 020 ## - INTERNATIONAL STANDARD BOOK NUMBER | |
| International Standard Book Number | 1842190164 |
| 035 ## - SYSTEM CONTROL NUMBER | |
| System control number | (Sirsi) u106158 |
| 050 ## - LIBRARY OF CONGRESS CALL NUMBER | |
| Classification number | 333.337 |
| 110 ## - MAIN ENTRY--CORPORATE NAME | |
| Corporate name or jurisdiction name as entry element | Royal Institution of Chartered Surveyors |
| Subordinate unit | Research Foundation |
| 9 (RLIN) | 3861 |
| 245 ## - TITLE STATEMENT | |
| Title | Research report : forecasting office supply and demand |
| 260 ## - PUBLICATION, DISTRIBUTION, ETC. | |
| Place of publication, distribution, etc. | London |
| Name of publisher, distributor, etc. | RICS Research Foundation |
| Date of publication, distribution, etc. | 2000 |
| 300 ## - PHYSICAL DESCRIPTION | |
| Extent | 36p. ; 30cm. |
| 350 ## - PRICE (NR) (BK AM CF MU VM SE) [OBSOLETE] | |
| Price | 100.00 |
| 520 ## - SUMMARY, ETC. | |
| Summary, etc. | A research report carried out for the Corporation of London and the RICS Research Foundation by Business Strategies Ltd.,City University Business School and the University of Reading. The ISBN is incorrectly given as 1842191015. |
| 650 ## - SUBJECT ADDED ENTRY--TOPICAL TERM | |
| Topical term or geographic name entry element | OFFICES |
| 650 ## - SUBJECT ADDED ENTRY--TOPICAL TERM | |
| Topical term or geographic name entry element | OFFICE SPACE |
| 650 ## - SUBJECT ADDED ENTRY--TOPICAL TERM | |
| Topical term or geographic name entry element | PROPERTY MARKET |
| 650 ## - SUBJECT ADDED ENTRY--TOPICAL TERM | |
| Topical term or geographic name entry element | BOOM-BUST CYCLES |
| 650 ## - SUBJECT ADDED ENTRY--TOPICAL TERM | |
| Topical term or geographic name entry element | FORECASTING |
| 650 ## - SUBJECT ADDED ENTRY--TOPICAL TERM | |
| Topical term or geographic name entry element | RENTS |
| 650 ## - SUBJECT ADDED ENTRY--TOPICAL TERM | |
| Topical term or geographic name entry element | YIELDS |
| 690 ## - LOCAL SUBJECT ADDED ENTRY--TOPICAL TERM (OCLC, RLIN) | |
| Topical term or geographic name as entry element | PROPERTY-COMMERCIAL PROPERTY-COMMERCIAL PROPERTY MARKET |
| 710 ## - ADDED ENTRY--CORPORATE NAME | |
| Corporate name or jurisdiction name as entry element | London |
| Subordinate unit | Corporation of London |
| 9 (RLIN) | 2224 |
| 942 ## - ADDED ENTRY ELEMENTS (KOHA) | |
| Suppress in OPAC | 0 |
| Withdrawn status | Lost status | Source of classification or shelving scheme | Damaged status | Not for loan | Home library | Current library | Shelving location | Date acquired | Total Checkouts | Full call number | Barcode | Date last seen | Copy number | Price effective from | Koha item type | Cost, normal purchase price | Date last checked out | Cost, replacement price |
|---|---|---|---|---|---|---|---|---|---|---|---|---|---|---|---|---|---|---|
| Dewey Decimal Classification | London | London | RICS Boxes | 31/05/2000 | RICS 2000/36 | 30061440 | 06/08/2019 | 1 | 06/08/2019 | Archive | ||||||||
| Dewey Decimal Classification | London | London | RICS Boxes | 31/05/2000 | RICS 2000/36 | 30061441 | 06/08/2019 | 2 | 06/08/2019 | Reference material | ||||||||
| Dewey Decimal Classification | London | London | RICS Boxes | 31/05/2000 | 9 | RICS 2000/36 | 30061442 | 06/08/2019 | 3 | 06/08/2019 | Book | 100.00 | 14/05/2007 | 100.00 |